Organized crime and cocaine trafficking : record of hearing IV, November 27-29, 1984, Washington, D.C. /

Bibliographic Details
Corporate Author: United States. President's Commission on Organized Crime
Format: Government Document Book
Language:English
Published: [Washington, D.C.?] : The Commission, [1984]
Subjects:

MARC

Tag First Indicator Second Indicator Subfields
LEADER 00000cam a2200000 a 4500
001 in00000856431
005 20151019071951.0
008 851011s1984 dcua f00010 eng d
010 |a gp 86001481  
035 |a (OCoLC)12685684 
035 |9 AED7685AM 
040 |a GPO  |c GPO  |d UtOrBLW 
043 |a n-us--- 
074 |a 851-J-3. 
086 0 |a Pr 40.8:C 86/C 64 
110 1 |a United States.  |b President's Commission on Organized Crime. 
245 1 0 |a Organized crime and cocaine trafficking :  |b record of hearing IV, November 27-29, 1984, Washington, D.C. /  |c President's Commission on Organized Crime. 
264 1 |a [Washington, D.C.?] :  |b The Commission,  |c [1984] 
300 |a xxviii, 726 pages :  |b illustrations ;  |c 23 cm. 
336 |a text  |b txt  |2 rdacontent 
337 |a unmediated  |b n  |2 rdamedia 
338 |a volume  |b nc  |2 rdacarrier 
500 |a Spine title: Record of hearing IV, cocaine. 
500 |a Shipping list number: 85-930-P. 
500 |a "November 1984." 
650 0 |a Organized crime  |z United States. 
650 0 |a Cocaine. 
650 0 |a Drug abuse and crime  |z United States. 
710 1 |a United States.  |b President's Commission on Organized Crime.  |t Record of hearing IV, cocaine. 
999 |a MARS 
999 f f |s 7998fde3-7f56-3f5d-b82b-faf83c3c2feb  |i 942d0844-dda5-3921-943a-edcd01d9f18f  |t 0 
952 f f |p normal  |a Texas A&M University  |b College Station  |c Sterling C. Evans Library  |d Evans: US Documents (Annex 5th floor)  |t 0  |e Pr 40.8:C 86/C 64  |h Superintendent of Documents classification  |i unmediated -- volume  |m A14817764010 
998 f f |a Pr 40.8:C 86/C 64  |t 0  |l Evans: US Documents (Annex 5th floor)